Online Catalogue and eLibrary

Patterns of culture (Record no. 2113)

MARC details
000 -LEADER
fixed length control field 00439nam a2200181Ia 4500
005 - DATE AND TIME OF LATEST TRANSACTION
control field 20240828034455.0
008 - FIXED-LENGTH DATA ELEMENTS--GENERAL INFORMATION
fixed length control field 240331s9999 xx 000 0 und d
082 ## - DDC Classification
Item Number - Author Mark Benedict, Ruth
Class No. 800
100 ## - MAIN ENTRY--PERSONAL NAME
Personal name Benedict, R
245 #0 - TITLE STATEMENT
Title Patterns of culture
260 ## - PUBLICATION, DISTRIBUTION, ETC.
Place of publication, distribution, etc. New York
Name of publisher, distributor, etc. The New America Library
Date of publication, distribution, etc. 1934
300 ## - PHYSICAL DESCRIPTION
Extent (e.g. Volumes, Pages etc.) 272 p .,
650 ## - SUBJECT ADDED ENTRY--TOPICAL TERM
Topical term or geographic name entry element Culture
650 ## - SUBJECT ADDED ENTRY--TOPICAL TERM
Topical term or geographic name entry element Sociology
650 ## - SUBJECT ADDED ENTRY--TOPICAL TERM
Topical term or geographic name entry element Psychology
650 ## - SUBJECT ADDED ENTRY--TOPICAL TERM
Topical term or geographic name entry element Philosophy
942 ## - Koha item type (Biblio)
Koha item type Books in Stacks (Lending)
Holdings
Lost status Damaged status Collection code Home library Current library Shelving location Date acquired Full call number Accession Number Item type
    Lending WERC Library WERC Library Social Science Cupboard 03/31/2024 800 BEN,Fiction 720 Books in Stacks (Lending)

© WERC Library